Teórie verejných výdavkov diplomová práca

Saved in:
Bibliographic Details
Main Author: Vassová, Andrea
Corporate Author: Národohospodárska fakulta EU. Katedra financií
Other Authors: Zubaľová, Alena, 1959-
Format: Book
Language:Slovak
Published: Bratislava 2009
Tags: Add Tag
No Tags, Be the first to tag this record!

MARC

LEADER 00000nam$a2200000$$$4500
001 0096893
005 20240318141537.4
041 0 |a slo 
044 |a SK 
245 1 0 |a Teórie verejných výdavkov  |b diplomová práca  |c Andrea Vassová ; škol. Alena Zubaľová 
264 1 |a Bratislava  |c 2009 
300 |a 67 s. 
100 1 |a Vassová, Andrea 
700 1 |a Zubaľová, Alena, 1959- 
710 2 |a Národohospodárska fakulta EU. Katedra financií